| 000 | 00383nam a2200121Ia 4500 | ||
|---|---|---|---|
| 008 | 220901s9999||||xx |||||||||||||| ||und|| | ||
| 082 | _a004.65 KUM | ||
| 100 | _aKumar, Ashok | ||
| 245 | 0 | _aInternational Journal of Computer and internet security | |
| 250 | _aVol. 2 Issue No. 1-2 & 3 | ||
| 260 |
_bInternational Research Publication House _c2010 |
||
| 650 |
_ainternet security _913598 |
||
| 999 |
_c193545 _d193545 |
||